000 00670cam a2200217 4500
001 224
005 20181127160918.0
008 080223s2008 ii 000 1 eng
010 _a 2008305647
020 _a0143101722
020 _a9780143101727
041 1 _aeng
_hhin
100 0 _aPremacanda,
_d1881-1936.
245 1 4 _aThe co-wife and other stories /
_cPrem Chand ; edited and translated with an introduction by Ruth Vanita.
260 _aNew Delhi :
_bPenguin Books,
_c2008.
300 _axxvii, 275 p. ;
_c21 cm.
490 0 _aModern classics
500 _aShort stories.
600 0 0 _aPremacanda,
_d1881-1936
_xTranslations into English.
700 1 _aVanita, Ruth.
999 _c203
_d203